000 00806nam a2200253 i 4500
001 C2-0328575
003 PPAK
005 20180728125856.0
008 140824s2013 my a|||| ||||| | may d
020 _a9789830972374
040 _aPPAK
_beng
_cPPAK
_erda
082 0 4 _a158.2
_223
090 0 0 _a158.2
_bHAS
_dG
100 0 _aHasrizal Abdul Jamil,
_eauthor
245 1 0 _aErti hidup pada memberi :
_b313 ungkapan inspirasi edisi istimewa Aku Terima Nikahnya
264 1 _aPetaling Jaya, Selangor :
_bGaleri Ilmu ,
_c2013
300 _ax, 190 pages :
_billustrations (some colour) ;
_c19 cm
336 _2rdacontent
_atext
337 _2rdamedia
_aunmediated
338 _2rdacarrier
_avolume
650 1 0 _aInterpersonal relationships.
700 0 _aShahrul Zaman Lukman,
_eeditor
942 _ddc
_cB
999 _c127939
_d127939